| 000 | 00899nam a2200253Ia 4500 | ||
|---|---|---|---|
| 003 | OSt | ||
| 005 | 20220918110658.0 | ||
| 006 | a|||||r|||| 00| 0 | ||
| 007 | ta | ||
| 008 | 220915b |||||||| |||| 00| 0 hin d | ||
| 024 | _a214903 | ||
| 037 | _cReference Collections | ||
| 040 |
_aARTS _cARTS _bhin |
||
| 041 |
_2hin _ahin |
||
| 082 | _aO44w.N5, 152K6 | ||
| 100 |
_aपरदेसी, रामगोपाल, संपा. _98944 |
||
| 245 | 0 | _aसाहित्यालोक | |
| 246 | _aSāhityāloka | ||
| 260 |
_aआगरा _bप्रगति प्रकाशन भारत _c1966 |
||
| 490 | _aप्रगति पुस्तकमाला; 37 | ||
| 650 | _aहिन्दी साहित्य | ||
| 942 |
_hO44w.N5, 152K6 _cREF |
||
| 999 |
_c113950 _d113950 |
||